000 00579cam a22002053a 4500
001 44975
003 PGUSA
005 20140828084028.0
008 140222s2014||||xxu|||||s|||||000 | eng d
040 _aPGUSA
_beng
042 _adc
100 1 _aFowler, Harold North
245 1 2 _aA History of Roman Literature
_h[electronic resource] /
_cHarold North Fowler
260 _bProject Gutenberg,
_c2014
506 _aPublic domain in the USA.
516 _aElectronic text
830 0 _aProject Gutenberg
_v44975
856 4 0 _uhttp://www.gutenberg.org/ebooks/44975
942 _cEB
999 _c274226
_d274226